Sports Quiz

Random Sports or WWE Quiz

ECW World Heavyweight Champions Quiz Stats

 Plays Quiz Updated Mar 29, 2019

Score 0/42 Timer 05:00
3 Plays Today
Year % Correct
2006Rob Van Dam
89.3%
2000Tommy Dreamer
88.4%
2009Tommy Dreamer
88.4%
1993Sabu
87.4%
1997Sabu
87.4%
1995The Sandman
84.7%
1995The Sandman
84.7%
1996The Sandman
84.7%
2001The Sandman
84.7%
2006The Big Show
78.3%
1999Taz
76.1%
2000Taz
76.1%
2007CM Punk
75.8%
2009Christian
73.9%
2009Christian
73.9%
2006Bobby Lashley
71.2%
2007Bobby Lashley
71.2%
1996Raven
70.4%
1996Raven
70.4%
1993Shane Douglas
69.3%
1994Shane Douglas
69.3%
Year % Correct
1997Shane Douglas
69.3%
1997Shane Douglas
69.3%
2008Kane
67.3%
1993Terry Funk
66.4%
1997Terry Funk
66.4%
2001Rhino
64.5%
2008Matt Hardy
63.7%
1999Mike Awesome
63.7%
1999Mike Awesome
63.7%
2010Ezekiel Jackson
62.2%
2007Johnny Nitro
60.8%
2008Chavo Guerrero
60.3%
2007Mr McMahon
60.1%
2008Mark Henry
58.1%
2009Jack Swagger
54.7%
2000Justin Credible
54.4%
1995Mikey Whipwreck
53%
1997Bam Bam Bigelow
46.4%
1999Masato Tanaka
44.5%
2000Jerry Lynn
38.8%
2000Steve Corino
38.4%

You're not logged in!

Compare scores with friends on all Sporcle quizzes.
OR
Log In

Sporcle TV

Today on Sporcle TV


Watch our educational content, quiz creation guides, and fun videos on Sporcle TV.

Show Comments

Extras

Top Quizzes Today


Score Distribution

Your Account Isn't Verified!

In order to create a playlist on Sporcle, you need to verify the email address you used during registration. Go to your Sporcle Settings to finish the process.

Report this User

Report this user for behavior that violates our Community Guidelines.

Details: